[Event "Oberliga Ost-B 0809"]
[Site "Germany"]
[Date "2009.01.31"]
[Round "6.5"]
[White "Schracke, Guido"]
[Black "Schlesinger, Omri"]
[Result "0-1"]
[WhiteElo "2185"]
[BlackElo "2221"]
[PlyCount "94"]
[EventDate "2008.10.26"]
[EventType "team-tourn"]
[EventRounds "11"]
[EventCountry "GER"]
[SourceTitle "EXT 2010"]
[Source "ChessBase"]
[SourceDate "2010.11.25"]
[SourceVersion "1"]
[SourceVersionDate "2010.11.25"]
[SourceQuality "1"]
[WhiteTeam "Hungen Lich"]
[BlackTeam "Steinbach"]
[WhiteTeamCountry "GER"]
[BlackTeamCountry "GER"]

1. e4 e5 2. Nf3 Nc6 3. d4 exd4 4. c3 dxc3 5. Nxc3 Bb4 6. Bc4 Bxc3+ 7. bxc3 d6 8. 0-0 Nf6 9. e5 Nxe5 10. Nxe5 dxe5 11. Qb3 Qe7 12. Ba3 c5 13. Bb5+ Bd7 14. Bxd7+ Qxd7 15. Bxc5 Ne4 16. Ba3 Nd2 17. Qb4 0-0-0 18. Rfe1 f6 19. c4 Qc6 20. Re2 Nxc4 21. Rc2 b5 22. h3 Rd7 23. Rb1 Rb7 24. Bc1 a5 25. Qe1 a4 26. Be3 Rd8 27. Qb4 Kb8 28. Rc3 h6 29. f4 e4 30. f5 Qd5 31. Bf4+ Ka8 32. Kh1 Rc8 33. Be3 Qxf5 34. Rxc4 Rxc4 35. Qa5+ Kb8 36. Qd8+ Rc8 37. Qd6+ Rcc7 38. Bf4 Ka8 39. Be3 Qd7 40. Qf8+ Rc8 41. Qb4 g5 42. Qa5+ Kb8 43. Bg1 f5 44. Rb2 f4 45. Bb6 Rc1+ 46. Kh2 Qd1 47. Ba7+ Kc8 0-1

[Event "Oberliga Ost-B 0809"]
[Site "Germany"]
[Date "2008.10.26"]
[Round "1.5"]
[White "Schlesinger, Omri"]
[Black "Mayer, Frank"]
[Result "1/2-1/2"]
[WhiteElo "2221"]
[BlackElo "2331"]
[PlyCount "95"]
[EventDate "2008.10.26"]
[EventType "team-tourn"]
[EventRounds "11"]
[EventCountry "GER"]
[SourceTitle "EXT 2010"]
[Source "ChessBase"]
[SourceDate "2010.11.25"]
[SourceVersion "1"]
[SourceVersionDate "2010.11.25"]
[SourceQuality "1"]
[WhiteTeam "Steinbach"]
[BlackTeam "Wiesbaden"]
[WhiteTeamCountry "GER"]
[BlackTeamCountry "GER"]

1. d4 d5 2. c4 e5 3. e3 exd4 4. exd4 Bb4+ 5. Nc3 Ne7 6. a3 Bxc3+ 7. bxc3 Nbc6 8. Be2 0-0 9. Nf3 dxc4 10. Bxc4 Nd5 11. Bd2 Re8+ 12. Be2 Qf6 13. 0-0 Nf4 14. Bxf4 Qxf4 15. Bb5 Bg4 16. Qd2 Qd6 17. Bxc6 bxc6 18. Qd3 Rab8 19. h3 Bh5 20. Qf5 g6 21. Qd3 Bxf3 22. Qxf3 Rb3 23. Rfd1 Re6 24. a4 Qd5 25. Qg3 a6 26. Qxc7 Qc4 27. Rac1 Qxa4 28. c4 Rc3 29. d5 cxd5 30. Qd8+ Kg7 31. Qxd5 Rxc1 32. Rxc1 Qc6 33. Qd4+ Kg8 34. c5 Qe4 35. Qc3 Qe5 36. Qd3 Rc6 37. Qc4 Kg7 38. Kh1 h6 39. f4 Qe6 40. Qd4+ Qf6 41. Qe4 Qe6 42. Qd4+ Qf6 43. Qb4 Qf5 44. Kh2 a5 45. Qa4 Kh7 46. Qd4 h5 47. Rc3 a4 48. Qxa4 1/2-1/2

[Event "Oberliga Ost-B 0708"]
[Site "Germany"]
[Date "2008.03.09"]
[Round "8.8"]
[White "Czech, Ludwig"]
[Black "Schlesinger, Omri"]
[Result "1/2-1/2"]
[WhiteElo "2107"]
[BlackElo "2212"]
[PlyCount "92"]
[EventDate "2007.10.07"]
[EventType "team-tourn"]
[EventRounds "11"]
[EventCountry "GER"]
[SourceTitle "EXT 2009"]
[Source "ChessBase"]
[SourceDate "2008.11.26"]
[SourceVersion "1"]
[SourceVersionDate "2008.11.26"]
[SourceQuality "1"]
[WhiteTeam "Offenbach"]
[BlackTeam "Steinbach"]
[WhiteTeamCountry "GER"]
[BlackTeamCountry "GER"]

1. c4 e6 2. Nf3 d5 3. d4 c5 4. cxd5 exd5 5. Nc3 Nc6 6. e3 Nf6 7. Be2 Be7 8. 0-0 0-0 9. b3 a6 10. Bb2 Bg4 11. dxc5 Bxc5 12. Na4 Ba7 13. Rc1 Qd6 14. Bxf6 gxf6 15. Nh4 Be6 16. Bg4 Ne5 17. Nf5 Qd7 18. e4 Kh8 19. Nc5 Bxc5 20. Rxc5 dxe4 21. Qxd7 Bxd7 22. Bh3 Rg8 23. Rd1 Be6 24. Kf1 Nd3 25. Rc7 Rgc8 26. Rxc8+ Rxc8 27. Nd6 Bxh3 28. gxh3 Rc1 29. Rxc1 Nxc1 30. Nxf7+ Kg7 31. Nd6 Nxa2 32. Nxb7 f5 33. Nc5 Nb4 34. Ke2 Kf6 35. f3 Ke5 36. fxe4 fxe4 37. Ke3 Nd5+ 38. Ke2 Kd4 39. Nxa6 e3 40. Kf3 Kd3 41. Nc5+ Kd4 42. Ne6+ Kc3 43. Ke2 Kxb3 44. Kd3 Kb4 45. Nd4 Kc5 46. Nf5 Kb6 1/2-1/2

[Event "Oberliga Ost-B 0708"]
[Site "Germany"]
[Date "2007.11.25"]
[Round "4.8"]
[White "Schlesinger, Omri"]
[Black "Jakob, Matthias"]
[Result "0-1"]
[WhiteElo "2212"]
[BlackElo "2071"]
[PlyCount "138"]
[EventDate "2007.10.07"]
[EventType "team-tourn"]
[EventRounds "11"]
[EventCountry "GER"]
[SourceTitle "EXT 2009"]
[Source "ChessBase"]
[SourceDate "2008.11.26"]
[SourceVersion "1"]
[SourceVersionDate "2008.11.26"]
[SourceQuality "1"]
[WhiteTeam "Steinbach"]
[BlackTeam "Erfurt Medizin"]
[WhiteTeamCountry "GER"]
[BlackTeamCountry "GER"]

1. e4 e5 2. Bc4 Nf6 3. d3 c6 4. Nc3 d5 5. exd5 cxd5 6. Bb5+ Bd7 7. Bxd7+ Qxd7 8. Nf3 Nc6 9. 0-0 d4 10. Ne2 Bd6 11. Bg5 h6 12. Bxf6 gxf6 13. Ng3 Qg4 14. h3 Qe6 15. Nh4 0-0-0 16. Qf3 Ne7 17. Nhf5 Rdg8 18. Rfe1 Bc5 19. Nxe7+ Qxe7 20. a3 Kb8 21. Re4 Rg6 22. Rh4 Qd7 23. Rh5 Rhg8 24. Kh1 Bf8 25. Rf5 Be7 26. Rg1 Qc7 27. Qe2 Qc6 28. Rh5 Rc8 29. Rc1 Rcg8 30. Rf5 Qe6 31. Qe4 Qa2 32. c4 Qxb2 33. Rg1 Rd8 34. a4 Qb4 35. Qf3 Rd6 36. Ra1 Qb2 37. Qd1 Rb6 38. Ne4 Rb3 39. Rf3 Rb4 40. a5 a6 41. g4 Qb3 42. Qe1 Ka7 43. Nd2 Qb2 44. Rg3 f5 45. Rb1 Qc3 46. Rc1 Qb2 47. Rb1 Qc2 48. Rc1 Qa4 49. Qxe5 Bd6 50. Qxd4+ Ka8 51. Re3 fxg4 52. Qh8+ Bb8 53. h4 Qc6+ 54. Kg1 g3 55. fxg3 Qc7 56. Nf1 Qxa5 57. Rce1 Qb6 58. d4 Rxc4 59. Rd1 Ka7 60. Re8 Qc7 61. Rd3 Rc1 62. Qe5 Qxe5 63. dxe5 Bxe5 64. Rxe5 Rf6 65. Rd7 Rcxf1+ 66. Kg2 R6f2+ 67. Kh3 f5 68. g4 f4 69. g5 h5 0-1

[Event "Oberliga Ost-B 0607"]
[Site "Germany"]
[Date "2006.11.18"]
[Round "2.5"]
[White "Emmerich, Dirk"]
[Black "Schlesinger, Omri"]
[Result "1/2-1/2"]
[WhiteElo "2226"]
[BlackElo "2244"]
[PlyCount "30"]
[EventDate "2006.10.15"]
[EventType "team-tourn"]
[EventRounds "11"]
[EventCountry "GER"]
[SourceTitle "EXT 2008"]
[Source "ChessBase"]
[SourceDate "2007.11.25"]
[SourceVersion "1"]
[SourceVersionDate "2007.11.25"]
[SourceQuality "1"]
[WhiteTeam "Dotzheim"]
[BlackTeam "Steinbach"]
[WhiteTeamCountry "GER"]
[BlackTeamCountry "GER"]

1. e4 e5 2. Bc4 Nc6 3. c3 Bc5 4. Qe2 d6 5. Nf3 Nf6 6. d3 a6 7. Bb3 Qe7 8. Nbd2 h6 9. Nf1 Nh5 10. h3 Ba7 11. g3 Be6 12. Be3 Nf6 13. Bxa7 Nxa7 14. Ne3 g6 15. Nd2 Nc6 1/2-1/2

[Event "Oberliga Ost-B 0506"]
[Site "Germany"]
[Date "2006.04.02"]
[Round "11.3"]
[White "Schlesinger, Omri"]
[Black "Aepfler, Christian"]
[Result "1/2-1/2"]
[WhiteElo "2206"]
[BlackElo "2268"]
[PlyCount "33"]
[EventDate "2005.11.13"]
[EventType "team-tourn"]
[EventRounds "11"]
[EventCountry "GER"]
[SourceTitle "EXT 2007"]
[Source "ChessBase"]
[SourceDate "2006.11.23"]
[SourceVersion "1"]
[SourceVersionDate "2006.11.23"]
[SourceQuality "1"]
[WhiteTeam "Steinbach"]
[BlackTeam "Erfurt Medizin"]
[WhiteTeamCountry "GER"]
[BlackTeamCountry "GER"]

1. e4 e6 2. Nc3 d5 3. Nf3 dxe4 4. Nxe4 Nd7 5. d4 Ngf6 6. Nxf6+ Nxf6 7. c3 Be7 8. Bd3 0-0 9. Qc2 b6 10. Bg5 h6 11. Bd2 Bb7 12. 0-0-0 Bxf3 13. gxf3 Qd5 14. Rhg1 Kh8 15. Kb1 Qxf3 16. Rg3 Qh5 17. Rdg1 1/2-1/2

[Event "Oberliga Ost-B 0506"]
[Site "Germany"]
[Date "2006.02.19"]
[Round "8.4"]
[White "Nothnagel, Holger"]
[Black "Schlesinger, Omri"]
[Result "1/2-1/2"]
[WhiteElo "2309"]
[BlackElo "2206"]
[PlyCount "20"]
[EventDate "2005.11.13"]
[EventType "team-tourn"]
[EventRounds "11"]
[EventCountry "GER"]
[SourceTitle "EXT 2007"]
[Source "ChessBase"]
[SourceDate "2006.11.23"]
[SourceVersion "1"]
[SourceVersionDate "2006.11.23"]
[SourceQuality "1"]
[WhiteTeam "Griesheim"]
[BlackTeam "Steinbach"]
[WhiteTeamCountry "GER"]
[BlackTeamCountry "GER"]

1. c4 e5 2. g3 c5 3. Bg2 Nc6 4. Nc3 g6 5. e3 Bg7 6. Nge2 Nge7 7. 0-0 0-0 8. b3 d6 9. Bb2 Be6 10. h3 d5 1/2-1/2

[Event "Oberliga Ost-B 0506"]
[Site "Germany"]
[Date "2005.11.27"]
[Round "3"]
[White "Schlesinger, Omri"]
[Black "Bravo Lutz, Sebastian"]
[Result "1-0"]
[WhiteElo "2230"]
[BlackElo "2187"]
[PlyCount "93"]
[EventDate "2005.11.13"]
[EventType "team-tourn"]
[EventRounds "11"]
[EventCountry "GER"]
[SourceTitle "CBM 109 Extra"]
[Source "ChessBase"]
[SourceDate "2006.01.03"]
[SourceVersion "2"]
[SourceVersionDate "2006.01.03"]
[SourceQuality "1"]

1. Nf3 g6 2. c4 Bg7 3. d4 Nf6 4. Nc3 0-0 5. e4 d6 6. Be2 Nbd7 7. 0-0 e5 8. dxe5 dxe5 9. Qc2 c6 10. Rd1 Qe7 11. a3 Nh5 12. b4 Nf4 13. Bf1 Ne6 14. Bb2 f5 15. Qd2 Rd8 16. Qc2 f4 17. c5 Ndf8 18. Bc4 Kh8 19. Ne2 Ng5 20. Nxg5 Rxd1+ 21. Rxd1 Qxg5 22. f3 Bf6 23. Rd6 Bh3 24. Nc1 Be7 25. Rd1 Rd8 26. Rxd8 Bxd8 27. Kh1 Bc8 28. Nd3 Bf6 29. Qc3 Kg7 30. Qb3 Bd7 31. a4 h5 32. Bc1 h4 33. Nf2 h3 34. g4 Qh6 35. Bg8 Be8 36. Kg1 Qh8 37. Bc4 Bh4 38. Nxh3 Bg3 39. Kg2 Bxh2 40. Qb2 Qh4 41. Qxe5+ Kh7 42. Bxf4 Bxf4 43. Qxf4 Qe7 44. Qd6 Qg7 45. e5 Nd7 46. f4 Kh8 47. Ng5 1-0

[Event "Oberliga Ost-B 0506"]
[Site "Germany"]
[Date "2005.11.26"]
[Round "2"]
[White "Paehtz, Thomas Sr"]
[Black "Schlesinger, Omri"]
[Result "1-0"]
[WhiteElo "2406"]
[BlackElo "2230"]
[PlyCount "57"]
[EventDate "2005.11.13"]
[EventType "team-tourn"]
[EventRounds "11"]
[EventCountry "GER"]
[SourceTitle "CBM 109 Extra"]
[Source "ChessBase"]
[SourceDate "2006.01.03"]
[SourceVersion "2"]
[SourceVersionDate "2006.01.03"]
[SourceQuality "1"]

1. e4 d5 2. exd5 Qxd5 3. Nc3 Qd6 4. d4 Nf6 5. Bc4 a6 6. Bb3 b5 7. Qf3 c6 8. Nge2 e6 9. Bf4 Qd7 10. Be5 Nd5 11. Qg3 Qa7 12. Ne4 f6 13. Bd6 Ne7 14. Qf3 Nd5 15. Bxf8 Rxf8 16. a4 b4 17. 0-0 Kf7 18. Nd6+ Kg8 19. Nxc8 Rxc8 20. Nf4 Qf7 21. Rfe1 Nxf4 22. Qxf4 Re8 23. Qd6 Kh8 24. Rxe6 Rxe6 25. Bxe6 Qe8 26. Qxb4 Nd7 27. Qb7 Nf8 28. Bf7 Qd8 29. Qxc6 1-0

[Event "Frankfurt-ch"]
[Site "Frankfurt"]
[Date "2005.06.06"]
[Round "6"]
[White "Schlamp, Robert"]
[Black "Schlesinger, Omri"]
[Result "0-1"]
[WhiteElo "2290"]
[BlackElo "2116"]
[PlyCount "116"]
[EventDate "2005.04.25"]
[EventType "swiss"]
[EventRounds "7"]
[EventCountry "GER"]
[SourceTitle "EXT 2006"]
[Source "ChessBase"]
[SourceDate "2005.11.24"]
[SourceVersion "1"]
[SourceVersionDate "2005.11.24"]
[SourceQuality "1"]

1. c4 c5 2. Nf3 Nc6 3. Nc3 e5 4. g3 g6 5. Bg2 Bg7 6. 0-0 Nge7 7. d3 0-0 8. a3 d6 9. Rb1 a5 10. Ne1 Be6 11. Nc2 d5 12. cxd5 Nxd5 13. Nxd5 Bxd5 14. Bxd5 Qxd5 15. b4 axb4 16. axb4 cxb4 17. Nxb4 Nxb4 18. Rxb4 Rfb8 19. e4 Qe6 20. Be3 b5 21. Qb1 Qd7 22. Rc1 Ra3 23. Rb3 Rxb3 24. Qxb3 Bf8 25. Ra1 b4 26. Ra5 Qe8 27. Bc1 Ra8 28. Rxa8 Qxa8 29. Bb2 Qa5 30. Kg2 Qc5 31. Kf1 Bd6 32. Ke2 Kf8 33. Qc4 Qxc4 34. dxc4 Ke7 35. f3 Kd7 36. Kd3 Kc6 37. Kc2 f6 38. Kb3 Kb6 39. Bc1 Bc5 40. Bd2 Ka5 41. g4 g5 42. Be1 Bf8 43. Bf2 Be7 44. h4 h6 45. h5 Bf8 46. Ba7 Ka6 47. Be3 Ka5 48. Bd2 Be7 49. c5 Bxc5 50. Kc4 Bf8 51. Kd5 Kb5 52. Bxb4 Bxb4 53. Ke6 Kc6 54. Kxf6 Kd6 55. Kg7 Ke7 56. Kxh6 Kf6 57. Kh7 Bf8 58. Kg8 Bg7 0-1

[Event "Rhein Main op 08th"]
[Site "Bad Homburg"]
[Date "2005.05.30"]
[Round "7"]
[White "Schlesinger, Omri"]
[Black "Rubel, Julian"]
[Result "1/2-1/2"]
[WhiteElo "2221"]
[BlackElo "2065"]
[PlyCount "146"]
[EventDate "2005.05.25"]
[EventType "swiss"]
[EventRounds "7"]
[EventCountry "GER"]
[SourceTitle "EXT 2006"]
[Source "ChessBase"]
[SourceDate "2005.11.24"]
[SourceVersion "1"]
[SourceVersionDate "2005.11.24"]
[SourceQuality "1"]

1. Nf3 Nf6 2. c4 c5 3. Nc3 b6 4. g3 Bb7 5. Bg2 e6 6. 0-0 Be7 7. e3 0-0 8. d4 cxd4 9. exd4 d5 10. Ne5 Qc8 11. cxd5 Nxd5 12. Nxd5 Bxd5 13. Bxd5 exd5 14. Bf4 Qb7 15. Rc1 Na6 16. Qg4 Rfd8 17. h4 Rac8 18. h5 Nb4 19. a3 Nc6 20. h6 g6 21. Nxc6 Rxc6 22. Rxc6 Qxc6 23. Rc1 Qd7 24. Qxd7 Rxd7 25. Rc8+ Bf8 26. Be5 f6 27. Bxf6 Kf7 28. Bg5 Be7 29. f4 Bxg5 30. fxg5 Ke6 31. g4 Rf7 32. Re8+ Kd7 33. Rh8 Ke6 34. Kg2 Kd6 35. Kg3 Ke6 36. a4 Kd6 37. Re8 Kd7 38. Rb8 Kc7 39. Re8 Kd7 40. Re1 Kd6 41. Ra1 a5 42. Rb1 Kc6 43. Re1 Kd7 44. Re5 Kd6 45. Re8 Kd7 46. Re1 Kd6 47. Rb1 Kc7 48. b4 axb4 49. Rxb4 Kc6 50. Rb1 Rf8 51. Re1 Kd6 52. Re2 Kd7 53. Re5 Kd6 54. Re1 Kd7 55. Ra1 Rf7 56. Ra2 Kd6 57. Re2 Rf8 58. Kh3 Rf3+ 59. Kh4 Rf8 60. Re1 Kd7 61. Ra1 Kd6 62. Ra2 Rf7 63. Kg3 Rf8 64. a5 bxa5 65. Rxa5 Rf7 66. Ra6+ Ke7 67. Rb6 Kd7 68. Kh4 Ke7 69. Ra6 Kd7 70. Rf6 Ke7 71. Ra6 Kd7 72. Kg3 Ke7 73. Kg2 Kd7 1/2-1/2

[Event "Hessenliga 0405"]
[Site "Germany"]
[Date "2005.04.10"]
[Round "8.4"]
[White "Schlesinger, Omri"]
[Black "Duncker, Joachim"]
[Result "1/2-1/2"]
[WhiteElo "2196"]
[BlackElo "2275"]
[PlyCount "134"]
[EventDate "2004.09.26"]
[EventType "team"]
[EventRounds "9"]
[EventCountry "GER"]
[SourceTitle "EXT 2006"]
[Source "ChessBase"]
[SourceDate "2005.11.24"]
[SourceVersion "1"]
[SourceVersionDate "2005.11.24"]
[SourceQuality "1"]
[WhiteTeam "Steinbach"]
[BlackTeam "Marburg"]
[WhiteTeamCountry "GER"]
[BlackTeamCountry "GER"]

1. e4 d5 2. exd5 Qxd5 3. Nc3 Qa5 4. d4 c6 5. Bc4 Bf5 6. Bd2 e6 7. d5 cxd5 8. Nxd5 Qd8 9. Qe2 Nf6 10. Nxf6+ Qxf6 11. 0-0-0 Ba3 12. c3 Bd6 13. Nf3 Bg6 14. Bg5 Bf4+ 15. Bxf4 Qxf4+ 16. Qd2 Qxd2+ 17. Rxd2 a6 18. Ne5 b5 19. Nxg6 hxg6 20. Be2 Ra7 21. Rhd1 Ke7 22. h3 Nd7 23. b3 Nf6 24. Bf3 Rc8 25. Kb2 Rac7 26. Rc2 Nd7 27. Be2 Nc5 28. Bf3 g5 29. c4 b4 30. Rcd2 a5 31. Rd6 Rb8 32. Rc6 Rxc6 33. Bxc6 Rd8 34. Rxd8 Kxd8 35. Kc2 Kc7 36. Bf3 Kd6 37. Kd2 Ke5 38. Ke3 f5 39. Bc6 f4+ 40. Kd2 Kd4 41. f3 Nd3 42. Bd7 Nc5 43. Be8 Nb7 44. Bd7 Ke5 45. Be8 Nd6 46. Bg6 Kd4 47. Bd3 Nf7 48. Bg6 Ne5 49. Bh7 Nd7 50. Be4 Nf6 51. Bg6 e5 52. Bb1 Nh5 53. Ke2 Kc3 54. c5 Nf6 55. Be4 Ne8 56. Kd1 Kd4 57. c6 Kc5 58. Kd2 Nd6 59. Kd3 g6 60. c7 Kb6 61. c8Q Nxc8 62. Kc4 Ne7 63. Bb1 Kc6 64. Be4+ Kb6 65. Bd3 Kc6 66. Be4+ Kb6 67. Bd3 Kc6 1/2-1/2

[Event "Hessen-ch MVT"]
[Site "Offenbach"]
[Date "2005.04.03"]
[Round "9"]
[White "Tchernyi, Andrei"]
[Black "Schlesinger, Omri"]
[Result "1-0"]
[WhiteElo "2174"]
[BlackElo "2221"]
[PlyCount "86"]
[EventDate "2005.03.28"]
[EventType "swiss"]
[EventRounds "9"]
[EventCountry "GER"]
[SourceTitle "EXT 2006"]
[Source "ChessBase"]
[SourceDate "2005.11.24"]
[SourceVersion "1"]
[SourceVersionDate "2005.11.24"]
[SourceQuality "1"]

1. Nf3 Nf6 2. e3 c5 3. b3 g6 4. Bb2 Bg7 5. c4 0-0 6. Be2 Nc6 7. Qc1 b6 8. 0-0 d6 9. Rd1 Bb7 10. d4 cxd4 11. exd4 d5 12. Ne5 Rc8 13. Qe3 e6 14. Nd2 Qe7 15. a4 Rfd8 16. Ba3 Qc7 17. Ndf3 Nxe5 18. Nxe5 Nd7 19. Ng4 Nf6 20. Nh6+ Kh8 21. Rac1 Qd7 22. Qf4 Ba6 23. Rc3 dxc4 24. Rh3 e5 25. Qh4 exd4 26. Bg4 Nxg4 27. Nxg4 h5 28. Nf6 Qf5 29. Be7 Re8 30. g4 Qc2 31. Re1 Rxe7 32. Rxe7 Qd1+ 33. Kg2 cxb3 34. Nxh5 Bf1+ 35. Kg3 Rc3+ 36. Kf4 Qd2+ 37. Ree3 g5+ 38. Kxg5 Rc5+ 39. Kf4 Bh6+ 40. Kg3 Bg5 41. Re8+ Kh7 42. Nf6+ Kg7 43. Qh8+ Kg6 1-0

[Event "Hessen-ch MVT"]
[Site "Offenbach"]
[Date "2005.04.02"]
[Round "8"]
[White "Schlesinger, Omri"]
[Black "Kuhn, Ulf"]
[Result "1/2-1/2"]
[WhiteElo "2221"]
[BlackElo "2019"]
[PlyCount "139"]
[EventDate "2005.03.28"]
[EventType "swiss"]
[EventRounds "9"]
[EventCountry "GER"]
[SourceTitle "EXT 2006"]
[Source "ChessBase"]
[SourceDate "2005.11.24"]
[SourceVersion "1"]
[SourceVersionDate "2005.11.24"]
[SourceQuality "1"]

1. d4 f5 2. Bg5 d5 3. Nc3 Nf6 4. e3 Be6 5. Nge2 Nc6 6. Nf4 Bf7 7. Bb5 Ne4 8. Nxe4 dxe4 9. d5 a6 10. dxc6 axb5 11. cxb7 Qxd1+ 12. Rxd1 Rb8 13. Ne2 Be6 14. Bf4 Rxb7 15. 0-0 g6 16. Be5 Rg8 17. Rd2 c6 18. Rfd1 Bd5 19. b3 e6 20. c3 Be7 21. Rc2 c5 22. Nf4 Bc6 23. Nxe6 Kf7 24. Nf4 Ra8 25. Ne2 Rba7 26. Nc1 Ke6 27. Bg3 Rd8 28. Rxd8 Bxd8 29. Kf1 h5 30. h4 Rd7 31. Ke1 Bf6 32. Ne2 Kf7 33. Nf4 Rd8 34. Ne2 Ke7 35. Bc7 Rd7 36. Bb6 c4 37. g3 Bd5 38. Rb2 Kf7 39. Bd4 g5 40. Bxf6 Kxf6 41. hxg5+ Kxg5 42. Rd2 Kg4 43. Nf4 Bc6 44. Rxd7 Bxd7 45. bxc4 bxc4 46. Nd5 Bc6 47. Nb6 Bb5 48. a4 Ba6 49. a5 Kf3 50. Na4 f4 51. Nc5 fxg3 52. fxg3 Bb5 53. a6 Kxe3 54. a7 Bc6 55. Ne6 Kd3 56. Nf4+ Kxc3 57. Nxh5 Kd4 58. Nf4 e3 59. Ke2 c3 60. Ne6+ Ke5 61. Nc5 Kd4 62. Nb3+ Ke4 63. Nc1 c2 64. Nd3 Kd4 65. g4 Bb5 66. a8Q Bxd3+ 67. Kf3 c1Q 68. Qa7+ Kc3 69. Qxe3 Qxe3+ 70. Kxe3 1/2-1/2

[Event "Hessenliga 0405"]
[Site "Germany"]
[Date "2004.11.07"]
[Round "3.4"]
[White "Kierzek, Matthias"]
[Black "Schlesinger, Omri"]
[Result "0-1"]
[WhiteElo "2130"]
[BlackElo "2196"]
[PlyCount "116"]
[EventDate "2004.09.26"]
[EventType "team"]
[EventRounds "9"]
[EventCountry "GER"]
[SourceTitle "EXT 2006"]
[Source "ChessBase"]
[SourceDate "2005.11.24"]
[SourceVersion "1"]
[SourceVersionDate "2005.11.24"]
[SourceQuality "1"]
[WhiteTeam "Fulda"]
[BlackTeam "Steinbach"]
[WhiteTeamCountry "GER"]
[BlackTeamCountry "GER"]

1. d4 Nf6 2. c4 c5 3. d5 b5 4. cxb5 a6 5. Nc3 axb5 6. e4 b4 7. Nb5 d6 8. Bf4 g5 9. Bxg5 Nxe4 10. Bf4 Nf6 11. Qe2 Ra6 12. Qd2 Bg7 13. Bc4 Nbd7 14. Nf3 0-0 15. Bh6 Bxh6 16. Qxh6 Kh8 17. 0-0 Rg8 18. a4 Ng4 19. Qd2 Nde5 20. Be2 Nxf3+ 21. Bxf3 Ne5 22. Qe3 Qf8 23. g3 Bd7 24. Be2 Rb6 25. f4 Qh6 26. Qe4 Ng6 27. Nd4 Rbb8 28. Nc6 f5 29. Qe3 Rbe8 30. Bb5 e5 31. dxe6 Bxe6 32. Rae1 Bf7 33. Qd2 Rxe1 34. Qxe1 Nxf4 35. Ne7 Nh3+ 36. Kg2 Rg4 37. Bc6 Ng5 38. Nxf5 Qh3+ 39. Kg1 Be6 40. Ne3 Rd4 41. Bg2 Qh6 42. h4 Nf7 43. Rxf7 Bxf7 44. Nf5 Qf6 45. Nxd4 Qxd4+ 46. Qf2 Qd1+ 47. Kh2 Kg7 48. a5 Qa1 49. Qd2 Qxa5 50. Qxd6 c4 51. g4 c3 52. bxc3 bxc3 53. h5 h6 54. Qd4+ Kg8 55. Qd6 Qg5 56. Be4 Qh4+ 57. Kg2 Qxg4+ 58. Kf2 Qxe4 0-1

[Event "Karl Mala Memorial op 08th"]
[Site "Frankfurt"]
[Date "2004.07.24"]
[Round "5"]
[White "Schlesinger, Omri"]
[Black "Winand, Edgar"]
[Result "1-0"]
[WhiteElo "2147"]
[BlackElo "1807"]
[PlyCount "33"]
[EventDate "2004.07.22"]
[EventType "swiss"]
[EventRounds "7"]
[EventCountry "GER"]
[SourceTitle "EXT 2005"]
[Source "ChessBase"]
[SourceDate "2004.11.15"]
[SourceVersion "1"]
[SourceVersionDate "2004.11.15"]
[SourceQuality "1"]

1. e4 g6 2. Nc3 Bg7 3. g3 d6 4. Bg2 e5 5. d3 c5 6. f4 Nc6 7. Nh3 Nge7 8. 0-0 0-0 9. f5 f6 10. g4 g5 11. Be3 h6 12. Nf2 b6 13. Qd2 Nd4 14. Nd5 Ba6 15. Rfd1 Qd7 16. c3 Ndc6 17. d4 1-0

[Event "Karl Mala Memorial op 08th"]
[Site "Frankfurt"]
[Date "2004.07.23"]
[Round "3"]
[White "Schlesinger, Omri"]
[Black "Orwatsch, Gerhard"]
[Result "1/2-1/2"]
[WhiteElo "2147"]
[BlackElo "2028"]
[PlyCount "29"]
[EventDate "2004.07.22"]
[EventType "swiss"]
[EventRounds "7"]
[EventCountry "GER"]
[SourceTitle "EXT 2005"]
[Source "ChessBase"]
[SourceDate "2004.11.15"]
[SourceVersion "1"]
[SourceVersionDate "2004.11.15"]
[SourceQuality "1"]

1. e4 g6 2. Nc3 Bg7 3. g3 c5 4. Bg2 Nc6 5. d3 d6 6. f4 Bd7 7. Nf3 Nd4 8. 0-0 Bg4 9. Ne2 Qd7 10. c3 Nxf3+ 11. Bxf3 Bxf3 12. Rxf3 h5 13. f5 gxf5 14. Rxf5 e6 15. Rf1 1/2-1/2

[Event "Rhein Main op 07th"]
[Site "Bad Homburg"]
[Date "2004.06.12"]
[Round "5.12"]
[White "Gramlich, Sebastian"]
[Black "Schlesinger, Omri"]
[Result "1/2-1/2"]
[WhiteElo "1968"]
[BlackElo "2165"]
[PlyCount "62"]
[EventDate "2004.06.09"]
[EventType "swiss"]
[EventRounds "7"]
[EventCountry "GER"]
[SourceTitle "CBM 100 Extra"]
[Source "ChessBase"]
[SourceDate "2004.07.06"]
[SourceVersion "2"]
[SourceVersionDate "2004.07.06"]
[SourceQuality "1"]

1. e4 d5 2. d4 dxe4 3. Nc3 Nf6 4. f3 e3 5. Bd3 Nc6 6. Bxe3 Nb4 7. Bc4 Bf5 8. Bb3 e6 9. Nge2 c6 10. Qd2 Qc7 11. g4 Bg6 12. Nf4 0-0-0 13. a3 Nbd5 14. Ncxd5 Nxd5 15. Bxd5 exd5 16. 0-0-0 Bd6 17. Ng2 Qd7 18. Bf4 Be7 19. Rde1 Rde8 20. Re2 Bd8 21. Rhe1 Rxe2 22. Rxe2 Re8 23. Rxe8 Qxe8 24. Bg3 Qe7 25. Nf4 h6 26. Nxg6 fxg6 27. Be5 Qh4 28. Qe2 Qe7 29. Qd3 Qe6 30. Kb1 Qf7 31. f4 Bc7 1/2-1/2

[Event "Rhein Main op 07th"]
[Site "Bad Homburg"]
[Date "2004.06.09"]
[Round "1.16"]
[White "Hornung, Thomas"]
[Black "Schlesinger, Omri"]
[Result "0-1"]
[WhiteElo "1677"]
[BlackElo "2165"]
[PlyCount "52"]
[EventDate "2004.06.09"]
[EventType "swiss"]
[EventRounds "7"]
[EventCountry "GER"]
[SourceTitle "CBM 100 Extra"]
[Source "ChessBase"]
[SourceDate "2004.07.06"]
[SourceVersion "2"]
[SourceVersionDate "2004.07.06"]
[SourceQuality "1"]

1. d4 Nf6 2. Nf3 c5 3. e3 cxd4 4. exd4 d5 5. Bd3 Nc6 6. c3 g6 7. h3 Bg7 8. 0-0 0-0 9. Bf4 Bf5 10. Bxf5 gxf5 11. Qd3 Ne4 12. Nbd2 e6 13. Qe3 Kh8 14. Rfe1 Rg8 15. Ne5 Nxe5 16. dxe5 Bf8 17. Nb3 Qh4 18. Re2 Be7 19. Kh2 Bg5 20. Bxg5 Rxg5 21. f3 Rg3 22. Qd4 Rag8 23. Rg1 f4 24. Rxe4 dxe4 25. Qxe4 Rxh3+ 26. gxh3 Qf2+ 0-1

[Event "Frankfurt-ch"]
[Site "Frankfurt"]
[Date "2004.05.03"]
[Round "2"]
[White "Fernandez Egea, Andres"]
[Black "Schlesinger, Omri"]
[Result "1/2-1/2"]
[WhiteElo "2066"]
[BlackElo "2196"]
[PlyCount "77"]
[EventDate "2004.05.02"]
[EventType "swiss"]
[EventRounds "7"]
[EventCountry "GER"]
[SourceTitle "EXT 2005"]
[Source "ChessBase"]
[SourceDate "2004.11.15"]
[SourceVersion "1"]
[SourceVersionDate "2004.11.15"]
[SourceQuality "1"]

1. e4 e5 2. Nf3 Nc6 3. Bb5 f5 4. Bxc6 dxc6 5. Nxe5 Qd4 6. Nf3 Qxe4+ 7. Kf1 Bd6 8. d3 Qe7 9. Nc3 Nf6 10. Bg5 0-0 11. Qd2 Qf7 12. Re1 Nd5 13. a3 Nxc3 14. Qxc3 f4 15. Bh4 h6 16. Ne5 Qh5 17. g4 Bxe5 18. gxh5 Bxc3 19. bxc3 Bg4 20. Kg2 f3+ 21. Kg3 Bxh5 22. Re5 Bf7 23. Be7 Rfe8 24. Rhe1 b6 25. Kxf3 Bd5+ 26. Kg4 Bf7 27. f4 c5 28. c4 Rec8 29. f5 Be8 30. f6 g6 31. h4 Kf7 32. Kf4 Ba4 33. R1e2 Re8 34. Kg3 Bd7 35. Kf4 a6 36. Kg3 a5 37. Kf4 a4 38. Kg3 Bc6 39. Kf4 1/2-1/2